Вербальні та невербальні складові сучасної комунікації (на прикладі англійської, французької та української мов) (Запис № 285401)

МАРК-запис
000 -LEADER
fixed length control field 01758nam a22001577a 4500
041 ## - LANGUAGE CODE
Language code of text/sound track or separate title ukr
080 ## - UNIVERSAL DECIMAL CLASSIFICATION NUMBER
Universal Decimal Classification number 09
090 ## - LOCALLY ASSIGNED LC-TYPE CALL NUMBER (OCLC); LOCAL CALL NUMBER (OCLC)
Local cutter number (OCLC) ; Book number/undivided call number, CALL (RLIN) ДМИ
100 ## - MAIN ENTRY--PERSONAL NAME
Personal name Дмитрук, Я. В.
245 ## - TITLE STATEMENT
Title Вербальні та невербальні складові сучасної комунікації (на прикладі англійської, французької та української мов)
260 ## - PUBLICATION, DISTRIBUTION, ETC. (IMPRINT)
Place of publication, distribution, etc Острог
Name of publisher, distributor, etc КАФ
Date of publication, distribution, etc 2014
300 ## - PHYSICAL DESCRIPTION
Extent 72
520 ## - SUMMARY, ETC.
Summary, etc Вступ.<br/>Розділ І. Невербальні компоненти комунікації як обєкт наукових досліджень.<br/>1.1. Сучасні підходи до вивчення НЗС у мовознавчій найці<br/>1.2. Класифікація та функції невербальних компонентів комунікації<br/>Розділ ІІ. Особливості вербалізації невербальних компонентів комунікації в англійській, французькій та українській мовах.<br/>2.1. Репрезентація НЗС у фразеології англійської мови<br/>2.2. Репрезентація НЗС у фразеосемантичних полях французької мови<br/>2.3. Репрезентація НЗС у фразеології української мови<br/>2.4. Порівняльний аналіз відображення НЗС у ФО на прикладі англійської, французької та української мов<br/>Висновки.<br/>Список використаної літератури.<br/>Додатки.
-- комунікація, фразеологія
650 ## - SUBJECT ADDED ENTRY--TOPICAL TERM
Topical term or geographic name as entry element Research Papers
942 ## - ADDED ENTRY ELEMENTS (KOHA)
Koha item type Книги
Фонди
Withdrawn status Lost status Source of classification or shelving scheme Damaged status Not for loan Home library Current library Date acquired Source of acquisition Cost, normal purchase price Total Checkouts Full call number Barcode Date last seen Price effective from Koha item type
    Universal Decimal Classification     ВІЛ - Відділ іноземн. літератури НБ ВІЛ - Відділ іноземн. літератури НБ 17/06/2014 Акт №8 1.00   09 215626 09/11/2021 17/06/2014 Книги